| 000 | 01629 a2200193 4500 | ||
|---|---|---|---|
| 003 | NUST | ||
| 005 | 20221107124127.0 | ||
| 020 | _a8131710696 | ||
| 040 | _cNust | ||
| 082 | _a510.76,KHA | ||
| 100 |
_aKhattar, Dinesh _9102356 |
||
| 245 |
_aThe pearson guide to objective mathematics : _bfor engineering entrance examinations / _cDinesh Khattar |
||
| 250 | _a2nd ed. | ||
| 260 |
_aPerason Education _bDelhi _c2007 |
||
| 300 |
_a1252 p _billus _c24 cm |
||
| 505 | _aFunctions (Page-1), Limits (Page-45), Differentiation (Page-112), Applications of Derivations (Page-143), Indefinite Integration (Page-198), Definite Integral and Area (Page-240), Differential Equations (Page-322), Coordinate and Straight lines (Page-343), Pair of Straight Lines (Page-388),Circles (Page-406), Conic Sections (Page-461), Complex Numbers (Page-531), Sequences and Series (Page-582), Quadratic Equitation's and In equations (Page-637),Permutations and Combinations (Page-680), Binomial Theorem (Page-711), Exponential and Logarithmic series (Page-744), Matrices (Page-755), Determinants (Page-779), Trigonometric Ratios and Identities (Page-811), Trigonometric Equations (Page-847), Inverse Trigonometric Functions (Page-865), Properties and Solutions Triangles (Page-884),Heights and Distances (Page-909), Probability (Page-919), Statistics (Page-963), Vectors (Page-982), Tree Dimensional Geometry (Page-1030), Statics (Page-1056), Dynamics (Page-1091), Set Theory (Page-1118), Numerical Methods (Page-1133), Linear Programming (Page-1144),Hyperbolic Functions (Page-1151). | ||
| 600 |
_aDinesh Khattar _910951 |
||
| 942 |
_2ddc _cBK _k510.76,KHA |
||
| 999 |
_c188491 _d188491 |
||